00394nam a2200121Ia 4500003000400000005001700004008004100021040001800062041000800080100004400088245010500132260003500237OSt20260119154113.0211028s2013 xx 000 0 und d cAIMIT LIBRARY aeng aPinto, Veyola; James, Justine.g1116171 aComparative analysis of marketing strategies of hyundai and maruti suzuki in the city of Mangalore / aMangalorebJustine Jamesc2013